| Tag |
First Indicator |
Second Indicator |
Subfields |
| LEADER |
00000cai a2200000Ia 4500 |
| 001 |
in00004503213 |
| 005 |
20190418083838.0 |
| 006 |
m d |
| 007 |
cr cn |||||||| |
| 008 |
070307c20069999cauau|woo 0 a2eng d |
| 035 |
|
|
|a (OCoLC)ocm85784983
|
| 035 |
|
|
|z (UtOrBLW)42909
|
| 035 |
|
|
|a 60896
|
| 040 |
|
|
|a COA
|c COA
|d COA
|d UtOrBLW
|
| 049 |
|
|
|a TMVM
|
| 060 |
|
4 |
|a QP551
|b .P76
|
| 245 |
0 |
0 |
|a Protein lounge :
|b ... complete systems biology.
|
| 264 |
|
1 |
|a San Diego, CA :
|b Www.Proteinlounge.com,
|c 2006-
|
| 336 |
|
|
|a text
|b txt
|2 rdacontent
|
| 337 |
|
|
|a computer
|b c
|2 rdamedia
|
| 338 |
|
|
|a online resource
|b cr
|2 rdacarrier
|
| 362 |
1 |
|
|a Began in 2006.
|
| 500 |
|
|
|a Access to databases and research tools that aid in the understanding of cellular networks, protein interactions involved in cell signaling, apoptosis, and other mechanisms in the field of systems biology.
|
| 500 |
|
|
|a Title from opening screen (viewed May 4, 2007).
|
| 506 |
|
|
|a This title is restricted to authorized TAMU and TAMHSC users.
|
| 500 |
|
|
|a Electronic resource.
|
| 650 |
|
0 |
|a Proteins
|x Research.
|0 http://id.loc.gov/authorities/subjects/sh85107675
|
| 650 |
|
0 |
|a Biology
|x Research.
|0 http://id.loc.gov/authorities/subjects/sh89006496
|
| 650 |
|
0 |
|a Medicine
|x Research.
|0 http://id.loc.gov/authorities/subjects/sh85083097
|
| 650 |
|
2 |
|a Proteins.
|0 https://id.nlm.nih.gov/mesh/D011506
|
| 650 |
|
2 |
|a Systems Biology.
|0 https://id.nlm.nih.gov/mesh/D049490
|
| 650 |
|
2 |
|a Cell Communication.
|0 https://id.nlm.nih.gov/mesh/D002450
|
| 650 |
|
2 |
|a Apoptosis.
|0 https://id.nlm.nih.gov/mesh/D017209
|
| 690 |
|
|
|a biores
|
| 856 |
4 |
0 |
|u http://proxy.library.tamu.edu/login?url=http://coral.library.tamu.edu/resourcelink.php?resource=2942
|z Protein Lounge
|t 0
|
| 999 |
|
|
|a MARS
|
| 999 |
f |
f |
|s 0935fc9a-5397-35db-849b-38c93b758892
|i cbf2ce5b-04b7-3385-b8d9-7246a711061b
|t 0
|
| 952 |
f |
f |
|a Texas A&M University
|b College Station
|c Electronic Resources
|d Available Online
|t 0
|e Online Database
|h Other scheme
|
| 998 |
f |
f |
|a Online Database
|t 0
|l Available Online
|